Biggest African Cities by Category - Statistics

General Stats
  • This quiz has been taken 906 times
  • The average score is 14 of 21
Answer Stats
Category Pop. City % Correct
in the entire Africa 21.0 mil Cairo
99%
in Sub-Saharan Africa 19.4 mil Lagos
95%
south of the Equator 13.9 mil Johannesburg
93%
on the Mediterranean Sea 5.80 mil Alexandria
87%
in Horn of Africa 3.80 mil Addis Ababa
86%
on an island 1.34 mil Antananarivo
82%
Portuguese-speaking 8.15 mil Luanda
82%
French-speaking 12.4 mil Kinshasa
78%
on Lake Victoria 3.52 mil Kampala
77%
in Ivory Coast 5.60 mil Abidjan
71%
ending in "ville" 2.25 mil Brazzaville
71%
ending in "town" 4.22 mil Cape Town
68%
in Maghreb 4.47 mil Casablanca
67%
in northern Nigeria 4.70 mil Kano
65%
starting with the letter D 6.45 mil Dar es Salaam
64%
on Niger River 3.52 mil Bamako
53%
in the Zambezi basin 2.67 mil Lusaka
50%
on Gulf of Aden 562 k Djibouti
47%
on the Red Sea 517 k Port Sudan
37%
with a 3 letter name 1.27 mil Fes
30%
on Lake Tanganyika 1.50 mil Bujumbura
23%
No matching quizzes found
Score Distribution
Percent of People with Each Score
Percentile by Number Answered
Your Score History
You have not taken this quiz